Hotelierstvo a centrálny rezervačný systém Najďalej sú letecké spoločnosti, za nimi nasledujú hotelové reťazce

Výhody rezervačného systému, ktoré poskytujú letecké spoločnosti a hotelové reťazce. Účasť hotelov v centrálnom rezervačnom systéme. Zavádzanie prvého hotelového centrálneho rezervačného systému na Slovensku. Distribučná jednotka hotela. Služby cestujúcim.

Salvato in:
Dettagli Bibliografici
Autore principale: Ščepková, R.
Natura: Capitolo di libro
Lingua:slovacco
Soggetti:
Tags: Aggiungi Tag
Nessun Tag, puoi essere il primo ad aggiungerne!!

MARC

LEADER 00000naa a2200000 4500
001 r014319
005 20221205074835.6
041 0 |a slo 
044 |a SK 
245 1 0 |a Hotelierstvo a centrálny rezervačný systém  |b Najďalej sú letecké spoločnosti, za nimi nasledujú hotelové reťazce  |c R. Ščepková 
520 |a Výhody rezervačného systému, ktoré poskytujú letecké spoločnosti a hotelové reťazce. Účasť hotelov v centrálnom rezervačnom systéme. Zavádzanie prvého hotelového centrálneho rezervačného systému na Slovensku. Distribučná jednotka hotela. Služby cestujúcim. 
610 2 0 |a hotelierstvo 
610 2 0 |a hotely 
610 2 0 |a zariadenia ubytovacie 
610 2 0 |a služby 
610 2 0 |a systémy rezervačné 
610 2 0 |a spoločnosti letecké 
100 1 |a Ščepková, R.